<?xml version="1.0" encoding="UTF-8"?>
<record
    xmlns:xsi="http://www.w3.org/2001/XMLSchema-instance"
    xsi:schemaLocation="http://www.loc.gov/MARC21/slim http://www.loc.gov/standards/marcxml/schema/MARC21slim.xsd"
    xmlns="http://www.loc.gov/MARC21/slim">

  <leader>01837nam a2200325 u 4500</leader>
  <controlfield tag="001">828606</controlfield>
  <controlfield tag="005">20260506095731.0</controlfield>
  <controlfield tag="007">co|||||||</controlfield>
  <controlfield tag="008">030627s2003                        spa  </controlfield>
  <datafield tag="035" ind1=" " ind2=" ">
    <subfield code="a">828606</subfield>
  </datafield>
  <datafield tag="040" ind1=" " ind2=" ">
    <subfield code="c">comduadb</subfield>
  </datafield>
  <datafield tag="041" ind1=" " ind2=" ">
    <subfield code="a">spa</subfield>
  </datafield>
  <datafield tag="080" ind1=" " ind2=" ">
    <subfield code="a">PMC</subfield>
  </datafield>
  <datafield tag="082" ind1=" " ind2="4">
    <subfield code="a">665</subfield>
  </datafield>
  <datafield tag="100" ind1="1" ind2="0">
    <subfield code="a">Ospina Gil, Nelson Fredy</subfield>
    <subfield code="4">aut</subfield>
    <subfield code="e">aut</subfield>
    <subfield code="9">375936</subfield>
  </datafield>
  <datafield tag="245" ind1="1" ind2="0">
    <subfield code="a">Dise&#xF1;o de sistema de transporte para cilindros de gas licuado de petr&#xF3;leo con manipulador neum&#xE1;tico</subfield>
  </datafield>
  <datafield tag="260" ind1=" " ind2=" ">
    <subfield code="a">Medell&#xED;n :</subfield>
    <subfield code="b">[sin publicador],</subfield>
    <subfield code="c">2003.</subfield>
  </datafield>
  <datafield tag="300" ind1=" " ind2=" ">
    <subfield code="a">30 p&#xE1;ginas</subfield>
  </datafield>
  <datafield tag="520" ind1="3" ind2=" ">
    <subfield code="a">El proyecto de dise&#xF1;o y factibilidad de sistema de transporte de cilindros de Gas Licuado de Petr&#xF3;leo (GLP), con manipulador neum&#xE1;tico, busca solucionar problemas de enfermedades profesionales, que se presentan en los trabajadores de Gases de Antioquia, como consecuencia de la manipulaci&#xF3;n manual de los cilindros en las operaciones de cargue y descargue, en la planta de llenado. Para lograr este objetivo, se dise&#xF1;&#xF3; un sistema mec&#xE1;nico tipo puente gr&#xFA;a, con capacidad de carga de 800Kg, con izaje de 1,2 metros; con desplazamiento longitudinal de 6 metros y desplazamiento transversal de 4 metros. Este sistema mec&#xE1;nico, se automatiza por medio de dispositivos neum&#xE1;ticos, que le permiten al operario mover la carga en cualquier direcci&#xF3;n, facilitando as&#xED; el proceso de cargue y descargue de los cilindros en los carros repartidores.</subfield>
  </datafield>
  <datafield tag="650" ind1=" " ind2=" ">
    <subfield code="a">Gas licuado de petr&#xF3;leo</subfield>
    <subfield code="9">13835</subfield>
  </datafield>
  <datafield tag="650" ind1=" " ind2=" ">
    <subfield code="a">Manipuladores (Mecanismos)</subfield>
    <subfield code="9">27515</subfield>
  </datafield>
  <datafield tag="650" ind1=" " ind2=" ">
    <subfield code="a">Gases de Antioquia</subfield>
    <subfield code="9">122349</subfield>
  </datafield>
  <datafield tag="650" ind1=" " ind2=" ">
    <subfield code="a">Sistemas mec&#xE1;nicos</subfield>
    <subfield code="9">64661</subfield>
  </datafield>
  <datafield tag="650" ind1=" " ind2=" ">
    <subfield code="a">Hidrocarburos - Colombia</subfield>
    <subfield code="9">51381</subfield>
  </datafield>
  <datafield tag="700" ind1="1" ind2="0">
    <subfield code="a">Agudelo Ospina, Byron Asdr&#xFA;al</subfield>
    <subfield code="4">aut</subfield>
    <subfield code="e">aut</subfield>
    <subfield code="9">375937</subfield>
  </datafield>
  <datafield tag="700" ind1="1" ind2="0">
    <subfield code="a">Betancourt Henao, Hugo</subfield>
    <subfield code="4">ths</subfield>
    <subfield code="e">ths</subfield>
    <subfield code="9">414274</subfield>
  </datafield>
  <datafield tag="942" ind1=" " ind2=" ">
    <subfield code="c">TESIS</subfield>
  </datafield>
  <datafield tag="999" ind1=" " ind2=" ">
    <subfield code="c">283706</subfield>
    <subfield code="d">283706</subfield>
  </datafield>
  <datafield tag="502" ind1=" " ind2=" ">
    <subfield code="b">176</subfield>
    <subfield code="c">17</subfield>
  </datafield>
  <datafield tag="526" ind1=" " ind2=" ">
    <subfield code="a">178</subfield>
  </datafield>
  <datafield tag="952" ind1=" " ind2=" ">
    <subfield code="0">0</subfield>
    <subfield code="1">0</subfield>
    <subfield code="4">0</subfield>
    <subfield code="7">0</subfield>
    <subfield code="8">TESDIGBC</subfield>
    <subfield code="a">BC</subfield>
    <subfield code="b">BC</subfield>
    <subfield code="d">2003-06-27</subfield>
    <subfield code="i">C794666</subfield>
    <subfield code="l">0</subfield>
    <subfield code="o">665.773 O839 CD-ROM</subfield>
    <subfield code="p">61000005088868</subfield>
    <subfield code="r">2023-04-25 00:00:00</subfield>
    <subfield code="t">1</subfield>
    <subfield code="w">2023-04-25</subfield>
    <subfield code="y">DIGITAL</subfield>
  </datafield>
  <datafield tag="952" ind1=" " ind2=" ">
    <subfield code="0">0</subfield>
    <subfield code="1">0</subfield>
    <subfield code="4">0</subfield>
    <subfield code="7">0</subfield>
    <subfield code="8">TESDIGBC</subfield>
    <subfield code="a">BC</subfield>
    <subfield code="b">BC</subfield>
    <subfield code="d">2003-06-27</subfield>
    <subfield code="i">C794669</subfield>
    <subfield code="l">0</subfield>
    <subfield code="o">665.773 O839 CD-ROM e2</subfield>
    <subfield code="p">61000005088851</subfield>
    <subfield code="r">2023-04-25 00:00:00</subfield>
    <subfield code="t">2</subfield>
    <subfield code="w">2023-04-25</subfield>
    <subfield code="y">DIGITAL</subfield>
  </datafield>
  <datafield tag="952" ind1=" " ind2=" ">
    <subfield code="0">0</subfield>
    <subfield code="1">0</subfield>
    <subfield code="4">0</subfield>
    <subfield code="7">0</subfield>
    <subfield code="8">TESELEC</subfield>
    <subfield code="a">CENDI</subfield>
    <subfield code="b">CENDI</subfield>
    <subfield code="d">2008-01-28</subfield>
    <subfield code="i">C987299</subfield>
    <subfield code="l">0</subfield>
    <subfield code="o">PMC 07154</subfield>
    <subfield code="r">2023-04-25 00:00:00</subfield>
    <subfield code="t">3</subfield>
    <subfield code="w">2023-04-25</subfield>
    <subfield code="y">DIGITAL</subfield>
  </datafield>
</record>
